[Event "CN Equipas 2019 - 1. div"]
[Site "Évora POR"]
[Date "2019.07.22"]
[Round "7.5.1"]
[White "Espinosa Aranda, Angel"]
[Black "Trigo Urquijo, Sergio"]
[Result "1-0"]
[WhiteElo "2488"]
[BlackElo "2382"]
[WhiteFideId "2278189"]
[BlackFideId "2262436"]
[WhiteTeam "Amadora Xadrez 'A'"]
[BlackTeam "Gx Porto 'A'"]
[WhiteTitle "IM"]
[BlackTitle "FM"]
[PlyCount "49"]

1. d4 Nf6 2. Bg5 Ne4 3. Bf4 d6 4. Nd2 Bf5 5. Nxe4 Bxe4 6. f3 Bg6 7. e4 Nd7 8.
Qd2 e5 9. Be3 Be7 10. O-O-O exd4 11. Qxd4 O-O 12. Ne2 Bf6 13. Qd2 Nb6 14. Nf4
Qe7 15. Kb1 c6 16. h4 Rfe8 17. h5 Bxe4 18. fxe4 Qxe4 19. Rh3 Na4 20. Bd3 Qe7 21.
c3 b5 22. Bc2 Nb6 23. Qd3 g6 24. hxg6 hxg6 25. Rdh1 1-0

[Event "CN Equipas 2019 - 1. div"]
[Site "Évora POR"]
[Date "2019.07.22"]
[Round "7.5.2"]
[White "Prithu Gupta"]
[Black "Alshameary Puente, Ismael"]
[Result "0-1"]
[WhiteElo "2470"]
[BlackElo "2442"]
[WhiteFideId "46618546"]
[BlackFideId "2225166"]
[WhiteTeam "Gx Porto 'A'"]
[BlackTeam "Amadora Xadrez 'A'"]
[WhiteTitle "IM"]
[BlackTitle "FM"]
[PlyCount "86"]

1. e4 e5 2. Nf3 Nc6 3. Bb5 a6 4. Ba4 Nf6 5. O-O Be7 6. Re1 b5 7. Bb3 d6 8. c3
O-O 9. h3 Bb7 10. d4 Re8 11. Nbd2 Bf8 12. a3 h6 13. Bc2 Nb8 14. b4 Nbd7 15. d5
c6 16. dxc6 Bxc6 17. Nb3 Rc8 18. Na5 Ba8 19. Bb2 Nb6 20. Nd2 d5 21. Bb3 Nxe4 22.
Nxe4 dxe4 23. Qh5 Qf6 24. Rad1 Red8 25. Rxd8 Rxd8 26. Rd1 g6 27. Qe2 Nd5 28. g3
h5 29. c4 Nxb4 30. Rxd8 Qxd8 31. axb4 Bxb4 32. cxb5 Bxa5 33. bxa6 Qc7 34. Qb5
Bc6 35. Qc4 e3 36. Bxe5 exf2+ 37. Kxf2 Bb6+ 38. Bd4 h4 39. Bxb6 Qxb6+ 40. Ke1
Qe3+ 41. Kd1 Qf3+ 42. Kc2 hxg3 43. Qd4 Qe4+ 0-1

[Event "CN Equipas 2019 - 1. div"]
[Site "Évora POR"]
[Date "2019.07.22"]
[Round "7.5.3"]
[White "Asis Gargatagli, Hipolito"]
[Black "Iruzubieta, Jesus"]
[Result "1/2-1/2"]
[WhiteElo "2506"]
[BlackElo "2438"]
[WhiteFideId "2260735"]
[BlackFideId "2200597"]
[WhiteTeam "Amadora Xadrez 'A'"]
[BlackTeam "Gx Porto 'A'"]
[WhiteTitle "GM"]
[BlackTitle "FM"]
[PlyCount "48"]

1. e4 e6 2. d4 d5 3. Nc3 Nc6 4. Nf3 Nf6 5. Bd3 Nb4 6. e5 Nd7 7. Be2 c5 8. Bg5
Be7 9. Bxe7 Qxe7 10. Nb5 O-O 11. c3 Nc6 12. O-O a6 13. Na3 cxd4 14. cxd4 f6 15.
exf6 Nxf6 16. Re1 Qb4 17. Rb1 Bd7 18. Nc2 Qb6 19. Bd3 Rae8 20. h3 Re7 21. Qd2
Nh5 22. Re3 Nf4 23. Bf1 Ref7 24. Nce1 Rf6 1/2-1/2

[Event "CN Equipas 2019 - 1. div"]
[Site "Évora POR"]
[Date "2019.07.22"]
[Round "7.5.4"]
[White "Lombaers, Peter"]
[Black "Eggert, Alberto"]
[Result "1-0"]
[WhiteElo "2361"]
[BlackElo "2131"]
[WhiteFideId "1032852"]
[BlackFideId "4139500"]
[WhiteTeam "Gx Porto 'A'"]
[BlackTeam "Amadora Xadrez 'A'"]
[WhiteTitle "FM"]
[PlyCount "73"]

1. c4 e5 2. g3 Nc6 3. Nc3 Bb4 4. e4 d6 5. Nge2 Bg4 6. Bg2 Qd7 7. h3 Be6 8. Nd5
Bc5 9. d3 Nd4 10. Be3 Nxe2 11. Qxe2 c6 12. Nc3 Ne7 13. h4 O-O 14. Bxc5 dxc5 15.
f4 Bg4 16. Bf3 Bxf3 17. Qxf3 f5 18. O-O-O Qc7 19. Rhf1 Rad8 20. h5 b6 21. Kc2
fxe4 22. dxe4 Rd4 23. b3 b5 24. Ne2 Qa5 25. Nxd4 Qxa2+ 26. Kc1 cxd4 27. Qd3 a6
28. Rd2 Qa3+ 29. Kd1 c5 30. cxb5 Rb8 31. Qc4+ Kh8 32. Qa4 Qxa4 33. bxa4 axb5 34.
axb5 exf4 35. Rxf4 Rxb5 36. Rf8+ Ng8 37. Ra2 1-0

[Event "CN Equipas 2019 - 1. div"]
[Site "Évora POR"]
[Date "2019.07.22"]
[Round "8.1.1"]
[White "Suarez Gomez, Julio"]
[Black "Trigo Urquijo, Sergio"]
[Result "1/2-1/2"]
[WhiteElo "2429"]
[BlackElo "2382"]
[WhiteFideId "22275991"]
[BlackFideId "2262436"]
[WhiteTeam "O Amanhã da Criança"]
[BlackTeam "Gx Porto 'A'"]
[WhiteTitle "IM"]
[BlackTitle "FM"]
[PlyCount "61"]

1. e4 e6 2. d4 d5 3. exd5 exd5 4. Nf3 Nf6 5. Bd3 Bd6 6. O-O O-O 7. h3 h6 8. Nc3
a6 9. Ne2 Nc6 10. Bf4 Bxf4 11. Nxf4 Qd6 12. Ne2 Re8 13. c3 Ne4 14. Nd2 Bf5 15.
Bxe4 Bxe4 16. Ng3 Bd3 17. Re1 Bh7 18. Qg4 Re7 19. Rxe7 Nxe7 20. Re1 Kf8 21. Nf3
Qg6 22. Qh4 Qd6 23. Qg4 Qg6 24. Qf4 Qd6 25. Qxd6 cxd6 26. Nd2 a5 27. a3 Ra6 28.
b3 a4 29. b4 Rc6 30. Rc1 Bd3 31. f3 1/2-1/2

[Event "CN Equipas 2019 - 1. div"]
[Site "Évora POR"]
[Date "2019.07.22"]
[Round "8.1.2"]
[White "Prithu Gupta"]
[Black "Medarde Santiago, Luis Marcos"]
[Result "1-0"]
[WhiteElo "2470"]
[BlackElo "2359"]
[WhiteFideId "46618546"]
[BlackFideId "2263076"]
[WhiteTeam "Gx Porto 'A'"]
[BlackTeam "O Amanhã da Criança"]
[WhiteTitle "IM"]
[BlackTitle "FM"]
[PlyCount "105"]
[EventDate "2019.??.??"]

1. c4 Nf6 2. Nc3 e6 3. e4 d5 4. e5 d4 5. exf6 dxc3 6. fxg7 cxd2+ 7. Bxd2 Bxg7 8.
Qb3 Nc6 9. Nf3 Bd7 10. Bc3 Bxc3+ 11. Qxc3 Rg8 12. g3 Qe7 13. Bg2 O-O-O 14. O-O
e5 15. b4 e4 16. Rfe1 Nxb4 17. Qd4 Nc6 18. Qxe4 Qxe4 19. Rxe4 Be6 20. Rh4 Rg7
21. Bf1 Bg4 22. Be2 Re8 23. Bd1 Re4 24. Bc2 Re6 25. Kg2 h6 26. Rd1 Rf6 27. Be4
Ne5 28. Bxb7+ Kxb7 29. Rb1+ Kc8 30. Nxe5 Bf5 31. Rb5 Re6 32. Rf4 a6 33. Ra5 Bg6
34. Rg4 Kb7 35. c5 Ka7 36. c6 Kb6 37. Rd5 a5 38. Rc4 f6 39. Nd7+ Ka6 40. Nb8+
Kb6 41. Nd7+ Ka6 42. Ra4 Rxc6 43. Nb8+ Kb7 44. Nxc6 Kxc6 45. Rdxa5 Bd3 46. Rd4
Kb6 47. Ra3 Bb5 48. Rb3 Kc5 49. Rf4 c6 50. Rxf6 Bc4 51. Rc3 Kd4 52. Rxc4+ Kxc4
53. Rxc6+ 1-0

[Event "CN Equipas 2019 - 1. div"]
[Site "Évora POR"]
[Date "2019.07.22"]
[Round "8.1.3"]
[White "Pazos Porta, Antonio"]
[Black "Lombaers, Peter"]
[Result "1/2-1/2"]
[WhiteElo "2340"]
[BlackElo "2361"]
[WhiteFideId "2263190"]
[BlackFideId "1032852"]
[WhiteTeam "O Amanhã da Criança"]
[BlackTeam "Gx Porto 'A'"]
[WhiteTitle "FM"]
[BlackTitle "FM"]
[PlyCount "48"]

1. e4 c5 2. Nf3 e6 3. d4 cxd4 4. Nxd4 Nc6 5. Nc3 Qc7 6. Be3 a6 7. Qd2 Nf6 8.
O-O-O Be7 9. f4 b5 10. e5 b4 11. Ncb5 axb5 12. Nxb5 Qb8 13. exf6 gxf6 14. Nd6+
Bxd6 15. Qxd6 Rxa2 16. Qxb8 Ra1+ 17. Kd2 Rxd1+ 18. Kxd1 Nxb8 19. Bc5 Nc6 20. Bb5
Bb7 21. Rg1 Kd8 22. Bxc6 Bxc6 23. Bxb4 Kc7 24. Ke2 f5 1/2-1/2

[Event "CN Equipas 2019 - 1. div"]
[Site "Évora POR"]
[Date "2019.07.22"]
[Round "8.1.4"]
[White "Marchena Hurtado, Javier"]
[Black "Espineira, Diego"]
[Result "1-0"]
[WhiteElo "2352"]
[BlackElo "2361"]
[WhiteFideId "2271583"]
[BlackFideId "2229498"]
[WhiteTeam "Gx Porto 'A'"]
[BlackTeam "O Amanhã da Criança"]
[WhiteTitle "FM"]
[BlackTitle "IM"]
[PlyCount "107"]

1. e4 e6 2. d4 d5 3. Nd2 Nf6 4. e5 Nfd7 5. Bd3 c5 6. c3 Nc6 7. Ne2 cxd4 8. cxd4
f6 9. exf6 Nxf6 10. O-O Bd6 11. Nf3 Qc7 12. Bg5 O-O 13. Bh4 Nh5 14. Qc2 h6 15.
Bh7+ Kh8 16. Bg6 Rxf3 17. Bxh5 Rf8 18. Bg3 Bd7 19. Rac1 Rf6 20. Qd2 a6 21. a3
Raf8 22. b4 Qb8 23. Rc3 Ne7 24. Bg4 Nf5 25. Bxf5 Rxf5 26. f3 Bb5 27. Re1 e5 28.
dxe5 Bxe5 29. Nd4 Bxg3 30. hxg3 Re5 31. Kf2 Rxe1 32. Qxe1 Qa7 33. Rc5 b6 34.
Rxd5 Bc4 35. Rd6 b5 36. Qe5 a5 37. Rxh6+ Kg8 38. Rc6 Rd8 39. Rd6 Rxd6 40. Qxd6
axb4 41. axb4 Qa1 42. Nf5 Qb2+ 43. Ke3 g5 44. g4 Kf7 45. Qd7+ Kg6 46. Qe8+ Kh7
47. Qh5+ Kg8 48. Qxg5+ Kf7 49. Qe7+ Kg8 50. Qe8+ Kh7 51. Qe7+ Kg8 52. Kf4 Qd2+
53. Kg3 Qc3 54. g5 1-0

[Event "CN Equipas 2019 - 1. div"]
[Site "Évora POR"]
[Date "2019.07.22"]
[Round "8.2.2"]
[White "Alshameary Puente, Ismael"]
[Black "Veiga, Francisco"]
[Result "1-0"]
[WhiteElo "2442"]
[BlackElo "2357"]
[WhiteFideId "2225166"]
[BlackFideId "1930087"]
[WhiteTeam "Amadora Xadrez 'A'"]
[BlackTeam "Ex Porto 'A'"]
[WhiteTitle "FM"]
[BlackTitle "FM"]
[PlyCount "39"]

1. d4 Nf6 2. c4 g6 3. Nc3 Bg7 4. e4 d6 5. Be2 O-O 6. Be3 c5 7. d5 e6 8. Nf3 exd5
9. cxd5 Nbd7 10. O-O Re8 11. Nd2 a6 12. a4 Rb8 13. h3 h6 14. Qc2 Nh7 15. Rae1
Qh4 16. f4 Bd4 17. Bd3 g5 18. Bxd4 cxd4 19. Nf3 Qxf4 20. e5 1-0

[Event "CN Equipas 2019 - 1. div"]
[Site "Évora POR"]
[Date "2019.07.22"]
[Round "8.2.3"]
[White "Silva, Miguel"]
[Black "Asis Gargatagli, Hipolito"]
[Result "1/2-1/2"]
[WhiteElo "2250"]
[BlackElo "2506"]
[WhiteFideId "1911929"]
[BlackFideId "2260735"]
[WhiteTeam "Ex Porto 'A'"]
[BlackTeam "Amadora Xadrez 'A'"]
[WhiteTitle "NM"]
[BlackTitle "GM"]
[PlyCount "25"]

1. d4 Nf6 2. c4 e6 3. Nf3 b6 4. g3 Bb7 5. Bg2 g6 6. O-O Bg7 7. Nc3 Ne4 8. Nxe4
Bxe4 9. Bg5 Qc8 10. Qd2 h6 11. Be3 d6 12. Rac1 Qd8 13. Rfd1 1/2-1/2

[Event "CN Equipas 2019 - 1. div"]
[Site "Évora POR"]
[Date "2019.07.22"]
[Round "8.2.4"]
[White "Eggert, Alberto"]
[Black "Paiva, Henrique"]
[Result "1/2-1/2"]
[WhiteElo "2131"]
[BlackElo "2122"]
[WhiteFideId "4139500"]
[BlackFideId "1920995"]
[WhiteTeam "Amadora Xadrez 'A'"]
[BlackTeam "Ex Porto 'A'"]
[BlackTitle "NM"]
[PlyCount "77"]

1. d4 d5 2. c4 c6 3. Nc3 Nf6 4. e3 e6 5. Nf3 Nbd7 6. Bd3 Be7 7. g4 dxc4 8. Bxc4
Nd5 9. e4 Nxc3 10. bxc3 Nb6 11. Bb3 c5 12. Be3 cxd4 13. Bxd4 Bf6 14. e5 Be7 15.
g5 Bd7 16. h4 Bc6 17. Qe2 Nd5 18. Rg1 Qa5 19. Qd2 Rd8 20. Rg3 Bc5 21. Kf1 Ne7
22. Qf4 Nf5 23. Rg4 Bxd4 24. Nxd4 Qxc3 25. Rd1 Qh3+ 26. Ke2 Nxd4+ 27. Rxd4 O-O
28. Rg3 Qh1 29. Qd2 Bb5+ 30. Ke3 Rxd4 31. Qxd4 Qc1+ 32. Qd2 Qc7 33. Kf4 Rd8 34.
Rc3 Bc6 35. Rd3 Rxd3 36. Qxd3 g6 37. Qd6 Qb6 38. Kg3 Qa5 39. Kf4 1/2-1/2

[Event "CN Equipas 2019 - 1. div"]
[Site "Évora POR"]
[Date "2019.07.22"]
[Round "8.3.1"]
[White "Fier, Alexandr"]
[Black "Brodowski, Piotr"]
[Result "1-0"]
[WhiteElo "2547"]
[BlackElo "2437"]
[WhiteFideId "2107139"]
[BlackFideId "1124480"]
[WhiteTeam "Ax Portugal/Atlantidiagonal 'A'"]
[BlackTeam "Aa Coimbra 'A'"]
[WhiteTitle "GM"]
[BlackTitle "IM"]
[PlyCount "59"]

1. Nf3 c5 2. g3 Nc6 3. Bg2 g6 4. c4 Bg7 5. Nc3 e6 6. d4 Nxd4 7. Nxd4 cxd4 8. Ne4
d5 9. cxd5 exd5 10. Qa4+ Kf8 11. Nc5 Ne7 12. O-O h6 13. Bf4 g5 14. Bd2 Bf6 15.
e4 b6 16. Nd3 dxe4 17. Bxe4 Bf5 18. Bxf5 Nxf5 19. Qb5 Ng7 20. f4 a6 21. Qb4+ Kg8
22. fxg5 hxg5 23. Rf3 Ne6 24. Raf1 Rh6 25. Nf2 Be7 26. Qb3 Rf6 27. Ng4 Rxf3 28.
Qxf3 f6 29. Qb3 Qd7 30. Rxf6 1-0

[Event "CN Equipas 2019 - 1. div"]
[Site "Évora POR"]
[Date "2019.07.22"]
[Round "8.3.2"]
[White "Butkiewicz, Lukasz"]
[Black "Ibarra Jerez, José Carlos"]
[Result "1/2-1/2"]
[WhiteElo "2425"]
[BlackElo "2547"]
[WhiteFideId "1122428"]
[BlackFideId "2226332"]
[WhiteTeam "Aa Coimbra 'A'"]
[BlackTeam "Ax Portugal/Atlantidiagonal 'A'"]
[WhiteTitle "IM"]
[BlackTitle "GM"]
[PlyCount "71"]

1. d4 Nf6 2. c4 d6 3. Nf3 g6 4. Nc3 Bf5 5. g3 Bg7 6. Bg2 Ne4 7. Nd5 c6 8. Ne3
Qa5+ 9. Kf1 Bc8 10. h4 h5 11. Qc2 f5 12. Nd2 Nf6 13. d5 e5 14. dxe6 Bxe6 15. Nb3
Qc7 16. Nd4 Qe7 17. Nxe6 Qxe6 18. Bf3 Nbd7 19. Ng2 Ne5 20. Nf4 Qf7 21. Kg2 O-O
22. Rb1 Rad8 23. b3 d5 24. Bb2 d4 25. Rbd1 c5 26. Bc1 b6 27. Nd3 Nxd3 28. exd3
Kh7 29. Bf4 Bh6 30. Bxh6 Kxh6 31. Qd2+ Kg7 32. Qf4 Rfe8 33. Rhe1 Re7 34. Rxe7
Qxe7 35. Rd2 Qd6 36. Qxd6 1/2-1/2

[Event "CN Equipas 2019 - 1. div"]
[Site "Évora POR"]
[Date "2019.07.22"]
[Round "8.3.3"]
[White "Spraggett, Kevin"]
[Black "Hammes, Michael"]
[Result "1/2-1/2"]
[WhiteElo "2511"]
[BlackElo "2340"]
[WhiteFideId "2600013"]
[BlackFideId "4619358"]
[WhiteTeam "Ax Portugal/Atlantidiagonal 'A'"]
[BlackTeam "Aa Coimbra 'A'"]
[WhiteTitle "GM"]
[BlackTitle "IM"]
[PlyCount "85"]

1. e4 e6 2. d4 d5 3. Nc3 Nf6 4. Bg5 Be7 5. e5 Nfd7 6. Bxe7 Qxe7 7. f4 a6 8. Nf3
c5 9. dxc5 Nc6 10. Bd3 Qxc5 11. Qd2 b5 12. a3 Nb6 13. b4 Qe7 14. O-O Bb7 15. Qf2
Nd7 16. Rae1 g6 17. Nd4 Nxd4 18. Qxd4 Qd8 19. Ne2 Qb6 20. Kf2 h5 21. g3 Rc8 22.
Ke3 Ke7 23. Kd2 Qxd4 24. Nxd4 Nb6 25. Rf2 Na4 26. h3 Rc3 27. Ra1 Rc7 28. Rg2 Bc8
29. Ke3 Bd7 30. Rf2 Rc3 31. Ne2 Rcc8 32. Rg1 Nb2 33. Kd2 Rc7 34. Rb1 Na4 35. g4
hxg4 36. hxg4 Rh4 37. Rg2 Nb6 38. Nd4 Rc8 39. Nf3 Rh3 40. Ng5 Rh4 41. Nf3 Rh3
42. Ng5 Rh4 43. Nf3 1/2-1/2

[Event "CN Equipas 2019 - 1. div"]
[Site "Évora POR"]
[Date "2019.07.22"]
[Round "8.3.4"]
[White "Luch, Michal"]
[Black "Fernandes, António"]
[Result "1-0"]
[WhiteElo "2380"]
[BlackElo "2376"]
[WhiteFideId "1120042"]
[BlackFideId "1900021"]
[WhiteTeam "Aa Coimbra 'A'"]
[BlackTeam "Ax Portugal/Atlantidiagonal 'A'"]
[WhiteTitle "IM"]
[BlackTitle "GM"]
[PlyCount "81"]

1. d4 Nf6 2. c4 g6 3. g3 Bg7 4. Bg2 d5 5. cxd5 Nxd5 6. e4 Nb6 7. Ne2 O-O 8. O-O
c6 9. Nbc3 Na6 10. b3 Nc7 11. Ba3 a6 12. Qd2 Nb5 13. Nxb5 axb5 14. Bb4 f5 15. e5
Be6 16. Nf4 Bh6 17. Nxe6 Bxd2 18. Nxd8 Bxb4 19. Nxb7 Bc3 20. Rac1 Bxd4 21. Rfd1
Bxe5 22. Rxc6 Nc8 23. Nc5 Rxa2 24. Bd5+ Kh8 25. Nd7 Na7 26. Nxf8 Nxc6 27. Bxc6
Bc7 28. Ne6 Bb6 29. Bxb5 Bxf2+ 30. Kh1 Kg8 31. Bc4 Kf7 32. Nf4+ Ke8 33. b4 Rc2
34. Bb3 Rc3 35. Be6 Rc2 36. b5 Bc5 37. Rb1 g5 38. Nd5 f4 39. gxf4 gxf4 40. b6 f3
41. b7 1-0

[Event "CN Equipas 2019 - 1. div"]
[Site "Évora POR"]
[Date "2019.07.22"]
[Round "8.4.1"]
[White "Oparin, Grigoriy"]
[Black "Kadric, Denis"]
[Result "1/2-1/2"]
[WhiteElo "2660"]
[BlackElo "2562"]
[WhiteFideId "24125890"]
[BlackFideId "14403803"]
[WhiteTeam "A.XAT-Montemor-o-Novo"]
[BlackTeam "Ax Gaia 'A'"]
[WhiteTitle "GM"]
[BlackTitle "GM"]
[PlyCount "29"]

1. d4 d6 2. Nf3 Nf6 3. g3 g6 4. Bg2 Bg7 5. c4 c6 6. Nc3 Bf5 7. O-O Ne4 8. Nh4
Nxc3 9. bxc3 Be6 10. Rb1 Bxc4 11. Rxb7 Qc8 12. Rb4 d5 13. Re1 O-O 14. e4 e6 15.
Nf3 1/2-1/2

[Event "CN Equipas 2019 - 1. div"]
[Site "Évora POR"]
[Date "2019.07.22"]
[Round "8.4.2"]
[White "Yankelevich, Lev"]
[Black "Perez Candelario, Manuel"]
[Result "0-1"]
[WhiteElo "2481"]
[BlackElo "2628"]
[WhiteFideId "24684074"]
[BlackFideId "2210622"]
[WhiteTeam "Ax Gaia 'A'"]
[BlackTeam "A.XAT-Montemor-o-Novo"]
[WhiteTitle "IM"]
[BlackTitle "GM"]
[PlyCount "126"]

1. d4 Nf6 2. c4 g6 3. Nc3 Bg7 4. e4 d6 5. Be2 O-O 6. Nf3 Nbd7 7. O-O e5 8. Be3
Re8 9. d5 Nh5 10. g3 Bf8 11. Ne1 Ng7 12. Nd3 Be7 13. Qd2 f5 14. f3 a5 15. b3 b6
16. Rab1 Nc5 17. a3 Rf8 18. b4 Nxd3 19. Bxd3 f4 20. gxf4 exf4 21. Bxf4 Rxf4 22.
Qxf4 Bg5 23. Qg3 Nh5 24. Qg2 Be3+ 25. Kh1 Nf4 26. Qc2 Bh3 27. Rg1 axb4 28. axb4
Bxg1 29. Rxg1 Ra3 30. e5 dxe5 31. Be4 Qh4 32. Qd2 Rxc3 33. Qxc3 Qf2 34. Qc2 Ne2
35. Qd1 Nf4 36. Qc2 Ne2 37. Qd1 Nxg1 38. Qxg1 Qe2 39. c5 bxc5 40. bxc5 Kf8 41.
d6 cxd6 42. cxd6 Qd2 43. d7 Qxd7 44. Qc5+ Kf7 45. Bd5+ Kg7 46. Kg1 h5 47. Kf2
Be6 48. Bxe6 Qxe6 49. h4 Qf6 50. Qc7+ Kh6 51. Qc1+ Qf4 52. Qc8 Qxh4+ 53. Kg2
Qg5+ 54. Kf2 Qd2+ 55. Kg3 Kg5 56. Qe6 Qe1+ 57. Kh3 Qf1+ 58. Kg3 h4+ 59. Kh2 Qf2+
60. Kh1 Qxf3+ 61. Kh2 Qf2+ 62. Kh1 Qf5 63. Qe7+ Kg4 0-1

[Event "CN Equipas 2019 - 1. div"]
[Site "Évora POR"]
[Date "2019.07.22"]
[Round "8.4.3"]
[White "Santos Latasa, Jaime"]
[Black "Ftacnik, Lubomir"]
[Result "1/2-1/2"]
[WhiteElo "2594"]
[BlackElo "2513"]
[WhiteFideId "2293307"]
[BlackFideId "14900017"]
[WhiteTeam "A.XAT-Montemor-o-Novo"]
[BlackTeam "Ax Gaia 'A'"]
[WhiteTitle "GM"]
[BlackTitle "GM"]
[PlyCount "112"]
[EventDate "2019.??.??"]

1. e4 c5 2. Nf3 d6 3. d4 cxd4 4. Nxd4 Nf6 5. Nc3 e6 6. g4 h6 7. h4 Nc6 8. Rg1 d5
9. exd5 Nxd5 10. Nxd5 exd5 11. Be3 Qxh4 12. Qe2 Nxd4 13. Bxd4+ Qe7 14. Qxe7+
Bxe7 15. Bxg7 Rg8 16. Bxh6 Rxg4 17. Bb5+ Kd8 18. O-O-O Rxg1 19. Rxg1 Kc7 20. Rg8
Rb8 21. Bf4+ Bd6 22. Bxd6+ Kxd6 23. Rd8+ Kc7 24. Rxd5 Be6 25. Rd4 Rh8 26. Bd3
Rh2 27. f4 Rf2 28. b3 a5 29. Kb2 b6 30. Kc3 Kc6 31. a3 Kc7 32. Re4 Kd6 33. b4
axb4+ 34. axb4 Kc6 35. Kd4 Kd6 36. Ke3 Rh2 37. Rd4+ Kc7 38. b5 Rh3+ 39. Kd2 Rh5
40. Kc3 Rh3 41. Ra4 Rf3 42. Kd2 Kd6 43. Rd4+ Kc5 44. Re4 Bd5 45. Ra4 Be6 46. Be2
Rg3 47. Ra7 Kd4 48. c3+ Ke4 49. Ra4+ Kd5 50. Rd4+ Kc5 51. Bd3 Bd5 52. f5 f6 53.
Rf4 Rg2+ 54. Ke3 Rg3+ 55. Kd2 Rg2+ 56. Ke3 Rg3+ 1/2-1/2

[Event "CN Equipas 2019 - 1. div"]
[Site "Évora POR"]
[Date "2019.07.22"]
[Round "8.4.4"]
[White "Sousa, André V"]
[Black "Forcén Estebán, Daniel"]
[Result "0-1"]
[WhiteElo "2362"]
[BlackElo "2566"]
[WhiteFideId "1917617"]
[BlackFideId "2288230"]
[WhiteTeam "Ax Gaia 'A'"]
[BlackTeam "A.XAT-Montemor-o-Novo"]
[WhiteTitle "IM"]
[BlackTitle "GM"]
[PlyCount "100"]
[EventDate "2019.??.??"]

1. e4 c5 2. Nf3 Nc6 3. Bb5 g6 4. O-O Bg7 5. Re1 Nf6 6. e5 Nd5 7. Nc3 Nc7 8. Bxc6
dxc6 9. h3 O-O 10. d3 b6 11. a3 a5 12. Na4 Ne6 13. Be3 Nd4 14. c3 Nxf3+ 15. Qxf3
Qc7 16. d4 cxd4 17. cxd4 Be6 18. Rac1 Rac8 19. Bd2 Rfd8 20. Qe3 Rb8 21. Red1 Qd7
22. Nxb6 Rxb6 23. d5 Rxb2 24. dxe6 fxe6 25. Bxa5 Qxd1+ 26. Rxd1 Rxd1+ 27. Kh2
Rd5 28. Bc3 Rb3 29. f4 Rxa3 30. Qc1 Ra2 31. Bb4 Bh6 32. h4 Kf7 33. Qc4 Rf2 34.
Qxc6 Bxf4+ 35. Kg1 Bg3 36. Qc1 Rf4 37. Be1 Rfd4 38. Qh6 Bxe1 39. Qxh7+ Ke8 40.
Qxg6+ Kd7 41. h5 Rd1 42. Kh2 R5d4 43. g3 Bxg3+ 44. Kg2 Bxe5 45. h6 R1d2+ 46. Kf3
R2d3+ 47. Ke2 Rd2+ 48. Kf3 R4d3+ 49. Ke4 Rg3 50. Qf7 Re2# 0-1

[Event "CN Equipas 2019 - 1. div"]
[Site "Évora POR"]
[Date "2019.07.22"]
[Round "8.5.1"]
[White "Ferreira, Jorge"]
[Black "Galego, Luís"]
[Result "1/2-1/2"]
[WhiteElo "2524"]
[BlackElo "2513"]
[WhiteFideId "1910850"]
[BlackFideId "1900072"]
[WhiteTeam "Gd Dias Ferreira 'A'"]
[BlackTeam "Assembleia Figueirense"]
[WhiteTitle "GM"]
[BlackTitle "GM"]
[PlyCount "163"]

1. d4 Nf6 2. c4 d6 3. Nf3 c6 4. Nc3 Bg4 5. e4 e5 6. Be2 Nbd7 7. O-O Be7 8. Be3
O-O 9. d5 c5 10. Ne1 Bxe2 11. Qxe2 Ne8 12. Nd3 Bg5 13. Rae1 Bxe3 14. Qxe3 a6 15.
f4 b5 16. fxe5 bxc4 17. e6 cxd3 18. exd7 Nf6 19. Qg3 Nxd7 20. Qxd6 Re8 21. Rd1
c4 22. b4 cxb3 23. Rxd3 Ne5 24. Qxd8 Raxd8 25. Rd4 Rc8 26. Na4 bxa2 27. Rd2 Nd7
28. Rxa2 Rxe4 29. Rb1 Rd4 30. Nb6 Nxb6 31. Rxb6 Rxd5 32. Rbxa6 Rc1+ 33. Kf2 Rf5+
34. Ke3 g6 35. Re2 Re5+ 36. Kf2 Rf5+ 37. Ke3 Rh1 38. h3 Rb1 39. Ra3 Kg7 40. Rd3
h5 41. g4 hxg4 42. hxg4 Rff1 43. Rf2 Rg1 44. Rd4 Rg3+ 45. Ke2 Rb7 46. Rdf4 Rgb3
47. Kf1 Rg3 48. Ke2 Re7+ 49. Kf1 Ra7 50. Ke2 Rg1 51. Rd4 Kh6 52. Rdf4 Re7+ 53.
Kf3 Kg5 54. Ra4 Re5 55. Rg2 Rh1 56. Rf2 Rg1 57. Rg2 Rxg2 58. Kxg2 Rb5 59. Kg3
Rb3+ 60. Kg2 f6 61. Rc4 Rb6 62. Kg3 Rb3+ 63. Kg2 Kh4 64. Rc6 Rb2+ 65. Kf3 Rb1
66. Kg2 Kg5 67. Rc4 Rb3 68. Ra4 Kh4 69. Ra6 Kxg4 70. Rxf6 Rb2+ 71. Kf1 g5 72.
Ra6 Kh3 73. Kg1 g4 74. Ra1 Rg2+ 75. Kh1 Re2 76. Kg1 g3 77. Kh1 Re3 78. Kg1 Rf3
79. Rb1 g2 80. Ra1 Rf1+ 81. Rxf1 gxf1=Q+ 82. Kxf1 1/2-1/2

[Event "CN Equipas 2019 - 1. div"]
[Site "Évora POR"]
[Date "2019.07.22"]
[Round "8.5.2"]
[White "Del Rio Angelis, Salvador"]
[Black "Kantor, Gergely"]
[Result "1/2-1/2"]
[WhiteElo "2464"]
[BlackElo "2519"]
[WhiteFideId "2203138"]
[BlackFideId "751499"]
[WhiteTeam "Assembleia Figueirense"]
[BlackTeam "Gd Dias Ferreira 'A'"]
[WhiteTitle "GM"]
[BlackTitle "IM"]
[PlyCount "107"]

1. d4 Nf6 2. c4 e6 3. Nc3 Bb4 4. e3 O-O 5. Bd3 d5 6. a3 Bxc3+ 7. bxc3 dxc4 8.
Bxc4 c5 9. Ne2 Qc7 10. Ba2 b6 11. O-O Ba6 12. Bb2 Rd8 13. Rc1 Nc6 14. c4 cxd4
15. exd4 b5 16. d5 bxc4 17. Bxc4 Bxc4 18. Rxc4 exd5 19. Rc2 Qd6 20. Nd4 Rac8 21.
Nf5 Qe6 22. Qd3 Ne5 23. Bxe5 Qxe5 24. Re2 Qc3 25. Qa6 Qc4 26. Qxc4 Rxc4 27. Rd1
Ra4 28. Rd3 g6 29. Nd4 Re8 30. Kf1 Re4 31. Nc2 Rac4 32. Red2 Rc5 33. f3 Ra4 34.
Rb3 Rac4 35. Nd4 Rc3 36. Rxc3 Rxc3 37. Nb5 Rc1+ 38. Ke2 a6 39. Nd4 Rc4 40. Ke3
Kf8 41. Rc2 Ra4 42. Rc3 Ke8 43. Rb3 Nd7 44. Nc2 Ne5 45. Rb4 Ra5 46. Rb7 Nc4+ 47.
Kd4 Nxa3 48. Ne3 Rb5 49. Ra7 Rb6 50. Kc5 Re6 51. Ra8+ Kd7 52. Ra7+ Ke8 53. Ra8+
Kd7 54. Ra7+ 1/2-1/2

[Event "CN Equipas 2019 - 1. div"]
[Site "Évora POR"]
[Date "2019.07.22"]
[Round "8.5.3"]
[White "Gukesh D"]
[Black "Oratovsky, Michael"]
[Result "1-0"]
[WhiteElo "2520"]
[BlackElo "2445"]
[WhiteFideId "46616543"]
[BlackFideId "2802090"]
[WhiteTeam "Gd Dias Ferreira 'A'"]
[BlackTeam "Assembleia Figueirense"]
[WhiteTitle "GM"]
[BlackTitle "GM"]
[PlyCount "37"]

1. e4 c5 2. Nf3 e6 3. Nc3 a6 4. d4 cxd4 5. Nxd4 b5 6. Bd3 Qb6 7. Nb3 Qc7 8. O-O
Bb7 9. Re1 Nf6 10. e5 b4 11. exf6 bxc3 12. fxg7 Bxg7 13. Qg4 Be5 14. bxc3 Nc6
15. Nc5 Bxc3 16. Bf4 Ne5 17. Nxb7 Nxg4 18. Bxc7 Ra7 19. Nd6+ 1-0

[Event "CN Equipas 2019 - 1. div"]
[Site "Évora POR"]
[Date "2019.07.22"]
[Round "8.5.4"]
[White "Vasallo, Mauricio"]
[Black "Martinez, Lelys"]
[Result "0-1"]
[WhiteElo "2380"]
[BlackElo "2535"]
[WhiteFideId "101648"]
[BlackFideId "3504727"]
[WhiteTeam "Assembleia Figueirense"]
[BlackTeam "Gd Dias Ferreira 'A'"]
[WhiteTitle "IM"]
[BlackTitle "GM"]
[PlyCount "128"]

1. c4 g6 2. g3 Bg7 3. Bg2 e5 4. Nc3 d6 5. e4 h5 6. h3 Nc6 7. d3 Be6 8. Nge2 Qd7
9. Nd5 Bxd5 10. cxd5 Nce7 11. d4 exd4 12. Nxd4 Nf6 13. Be3 O-O 14. O-O c5 15.
dxc6 bxc6 16. Qd2 Rad8 17. Bh6 c5 18. Bxg7 Kxg7 19. Ne2 Qe6 20. Nc3 Nc6 21. Rae1
Qe5 22. f4 Qd4+ 23. Qf2 Qxf2+ 24. Kxf2 Ne8 25. Rd1 Nc7 26. Rd2 Nd4 27. h4 Rb8
28. Re1 Rfe8 29. b3 Re7 30. Rc1 f5 31. exf5 gxf5 32. Bf3 Kg6 33. Ne2 Ncb5 34.
Nxd4 Nxd4 35. Rc4 a5 36. Bd1 Rb4 37. Rc3 Nb5 38. Rcd3 Rd4 39. Bf3 Rxd3 40. Rxd3
Nd4 41. Rd2 Re8 42. Bd5 Rb8 43. Rd1 Kf6 44. Re1 a4 45. bxa4 Rb2+ 46. Kf1 Rb4 47.
a5 Ra4 48. Rb1 Rxa5 49. Rb6 Ke7 50. Rb7+ Kd8 51. Rb8+ Kc7 52. Rb7+ Kc8 53. Rb6
Nb5 54. a4 Nd4 55. Rxd6 Rxa4 56. Rh6 c4 57. Bxc4 Rxc4 58. Rxh5 Kd7 59. Rg5 Ke6
60. Kf2 Kd5 61. Ke3 Rc3+ 62. Kd2 Kc4 63. Rg8 Rc2+ 64. Kd1 Kd3 0-1